Propagacion clonal in vitro de arboles elite de teca (Tectona grandis L.) (Registro nro. 284871)

Detalles MARC
001 - NÚMERO DE CONTROL
campo de control 811125
005 - FECHA Y HORA DE LA ÚLTIMA TRANSACCIÓN
campo de control 20240818090429.0
008 - DATOS DE LONGITUD FIJA--INFORMACIÓN GENERAL
campo de control de longitud fija 030515e20020701 spa
035 ## - NÚMERO DE CONTROL DEL SISTEMA
Número de control de sistema 811125
035 ## - NÚMERO DE CONTROL DEL SISTEMA
Número de control de sistema (OCoLC)820026497
040 ## - FUENTE DE LA CATALOGACIÓN
Centro/agencia transcriptor comduadb
041 ## - CÓDIGO DE LENGUA
Código de lengua del texto/banda sonora o título independiente spa
100 10 - ENTRADA PRINCIPAL--NOMBRE DE PERSONA
Nombre de persona Castro Restrepo, Dagoberto
Código de función aut
Término indicativo de función/relación Autor/a
9 (RLIN) 520942
245 10 - MENCIÓN DE TÍTULO
Título Propagacion clonal in vitro de arboles elite de teca (Tectona grandis L.)
650 ## - PUNTO DE ACCESO ADICIONAL DE MATERIA--TÉRMINO DE MATERIA
Término de materia o nombre geográfico como elemento de entrada Micropropagación
9 (RLIN) 71536
650 ## - PUNTO DE ACCESO ADICIONAL DE MATERIA--TÉRMINO DE MATERIA
Término de materia o nombre geográfico como elemento de entrada Teca: Tectona grandis
9 (RLIN) 58539
650 ## - PUNTO DE ACCESO ADICIONAL DE MATERIA--TÉRMINO DE MATERIA
Término de materia o nombre geográfico como elemento de entrada Cultivo de tejidos vegetales
9 (RLIN) 43178
650 ## - PUNTO DE ACCESO ADICIONAL DE MATERIA--TÉRMINO DE MATERIA
Término de materia o nombre geográfico como elemento de entrada Especies forestales
9 (RLIN) 58372
650 #7 - PUNTO DE ACCESO ADICIONAL DE MATERIA--TÉRMINO DE MATERIA
Término de materia o nombre geográfico como elemento de entrada Reforestación
Fuente del encabezamiento o término lemb
9 (RLIN) 15011
650 ## - PUNTO DE ACCESO ADICIONAL DE MATERIA--TÉRMINO DE MATERIA
Término de materia o nombre geográfico como elemento de entrada Plántulas
9 (RLIN) 62116
650 ## - PUNTO DE ACCESO ADICIONAL DE MATERIA--TÉRMINO DE MATERIA
Término de materia o nombre geográfico como elemento de entrada Enraizamiento
9 (RLIN) 61332
700 10 - ENTRADA AGREGADA--NOMBRE PERSONAL
Nombre de persona Diaz G., Jaiber
Código de función aut
Término indicativo de función/relación Autor/a
9 (RLIN) 366734
700 10 - ENTRADA AGREGADA--NOMBRE PERSONAL
Nombre de persona Linero, Juan Carlos
Código de función aut
Término indicativo de función/relación Autor/a
9 (RLIN) 526553
773 0# - ENLACE AL DOCUMENTO FUENTE/ENTRADA DE REGISTRO ANFITRIÓN
Título Revista Colombiana de Biotecnología
Parte(s) relacionada(s) Volumen 04, Número 01, 2002, p. 49-53
Número de control del registro 703187
Número Internacional Normalizado para Publicaciones Seriadas 0123-3475
Número bibliográfico anfitrión 225738
942 ## - ELEMENTOS DE ENTRADA AGREGADA (KOHA)
Tipo de ítem Koha Artículo de Revista

No hay ítems disponibles.